Can You Name the Top 25 Best MLB Players of All Time? - Statistics

General Stats
  • This quiz has been taken 60 times
  • The average score is 15 of 25
Answer Stats
Rank Status Player % Correct
1 Retired Babe Ruth
98%
9 Retired Walter Johnson
89%
8 Retired Barry Bonds
86%
24 Retired Randy Johnson
86%
15 Active Mike Trout
84%
2 Retired Willie Mays
84%
3 Retired Hank Aaron
80%
6 Retired Lou Gehrig
77%
7 Retired Mickey Mantle
75%
16 Retired Joe DiMaggio
68%
19 Retired Frank Robinson
66%
4 Retired Ty Cobb
66%
17 Retired Roger Clemens
64%
14 Retired Greg Maddux
59%
11 Retired Pedro Martinez
59%
12 Retired Honus Wagner
57%
13 Retired Ken Griffey Jr.
57%
10 Retired Stan Musial
57%
21 Retired Cy Young
55%
23 Retired Rickey Henderson
41%
18 Retired Mike Schmidt
39%
25 Retired Christy Mathewson
36%
20 Retired Rogers Hornsby
32%
22 Retired Tom Seaver
27%
5 Retired Tedd Williams
2%
No matching quizzes found
Score Distribution
Percent of People with Each Score
Percentile by Number Answered
Your Score History
You have not taken this quiz